<?xml version="1.0" encoding="UTF-8"?><?xml-stylesheet type="text/xsl" href="static/style.xsl"?><OAI-PMH xmlns="http://www.openarchives.org/OAI/2.0/" xmlns:xsi="http://www.w3.org/2001/XMLSchema-instance" xsi:schemaLocation="http://www.openarchives.org/OAI/2.0/ http://www.openarchives.org/OAI/2.0/OAI-PMH.xsd"><responseDate>2026-04-18T00:07:56Z</responseDate><request verb="GetRecord" identifier="oai:www.recercat.cat:2072/435682" metadataPrefix="marc">https://recercat.cat/oai/request</request><GetRecord><record><header><identifier>oai:recercat.cat:2072/435682</identifier><datestamp>2025-04-27T04:06:44Z</datestamp><setSpec>com_2072_98</setSpec><setSpec>col_2072_378192</setSpec></header><metadata><record xmlns="http://www.loc.gov/MARC21/slim" xmlns:dcterms="http://purl.org/dc/terms/" xmlns:xsi="http://www.w3.org/2001/XMLSchema-instance" xmlns:doc="http://www.lyncode.com/xoai" xsi:schemaLocation="http://www.loc.gov/MARC21/slim http://www.loc.gov/standards/marcxml/schema/MARC21slim.xsd">
   <leader>00925njm 22002777a 4500</leader>
   <datafield ind2=" " ind1=" " tag="042">
      <subfield code="a">dc</subfield>
   </datafield>
   <datafield ind2=" " ind1=" " tag="720">
      <subfield code="a">Figueiró, Rafael Albuquerque</subfield>
      <subfield code="e">author</subfield>
   </datafield>
   <datafield ind2=" " ind1=" " tag="720">
      <subfield code="a">Dimenstein, Magda</subfield>
      <subfield code="e">author</subfield>
   </datafield>
   <datafield ind2=" " ind1=" " tag="260">
      <subfield code="c">2019</subfield>
   </datafield>
   <datafield ind2=" " ind1=" " tag="520">
      <subfield code="a">O trabalho do agente penitenciário (AP) é uma realidade problemática, porém pouco pesquisada. Nesse sentido, esta pesquisa teve por objetivo cartografar os processos de subjetivação presentes no trabalho dos AP de um presídio do Rio Grande do Norte, Brasil. A partir da perspectiva da cartografia, foi feito o acompanhamento da rotina de trabalho das equipes de AP do referido presídio durante cinco meses, totalizando 160 horas de observação. Além disso, foram realizadas entrevistas com agentes penitenciários e funcionários responsáveis pela gestão do sistema prisional pesquisado. Os resultados apontam para um modelo de gestão militarizado do sistema prisional, disparando um processo de militarização das subjetividades desses trabalhadores, produzindo sujeitos enrijecidos, insensíveis e dispostos a práticas violentas e a violar direitos.</subfield>
   </datafield>
   <datafield ind2=" " ind1=" " tag="520">
      <subfield code="a">The work of the penitentiary is a problematic but little-researched reality. However, little is known about their daily lives and ways of subjectivity that cross them. In this sense, this research aimed to map the processes of subjectivity present in the work of correctional officers from a prison in Rio Grande do Norte, Brazil. From the perspective of the cartography, monitoring the work routine of correctional officers teams of that prison was made for five months, totaling 160 hours of observation. Plus interviews with prison officials and officials responsible for managing the prison system were conducted. The results point to a militarized management model of the prison system triggering a process of militarization of the subjectivities of these workers, producing subjects who are stiff, numb, and willing to use violent practices and to violate rights.</subfield>
   </datafield>
   <datafield tag="653" ind2=" " ind1=" ">
      <subfield code="a">Sistema prisional</subfield>
   </datafield>
   <datafield tag="653" ind2=" " ind1=" ">
      <subfield code="a">Agente penitenciário</subfield>
   </datafield>
   <datafield tag="653" ind2=" " ind1=" ">
      <subfield code="a">Subjetividade</subfield>
   </datafield>
   <datafield tag="653" ind2=" " ind1=" ">
      <subfield code="a">Cartografia</subfield>
   </datafield>
   <datafield tag="653" ind2=" " ind1=" ">
      <subfield code="a">Prison system</subfield>
   </datafield>
   <datafield tag="653" ind2=" " ind1=" ">
      <subfield code="a">Correctional officers</subfield>
   </datafield>
   <datafield tag="653" ind2=" " ind1=" ">
      <subfield code="a">Subjectivity</subfield>
   </datafield>
   <datafield tag="653" ind2=" " ind1=" ">
      <subfield code="a">Cartography</subfield>
   </datafield>
   <datafield ind2="0" ind1="0" tag="245">
      <subfield code="a">Militarização de agentes penitenciários no Brasil : segurança pública e processos de subjetivação</subfield>
   </datafield>
</record></metadata></record></GetRecord></OAI-PMH>